Представление документа в формате MARC21

Поле Инд. ПП Название Значение
Тип записи a
Библиографический уровень m
001 Контрольный номер 2af658b6a6194ec29d7cf96e1f0339ad
005 Дата корректировки 20161118152101.7
008 Кодируемые данные 080728
020 a ISBN 978-5-382-00657-4
c Цена, тираж 230.00
040 a Служба первич. каталог. НБ ТвГУ
041 a Код языка текста rus
080 a Индекс УДК 524.852
084 a Индекс другой классификации/Индекс ББК В632.9
090 a Полочн. индекс В632.9
x Авторский знак Г67
100 1_ a Автор Горбунов Дмитрий Сергеевич
245 10 a Заглавие Введение в теорию ранней Вселенной
b Продолж. заглавия Теория горячего Большого взрыва
c Ответственность Д. С. Горбунов, В. А. Рубаков ; Рос. акад. наук, Ин-т ядер. исслед.
260 0_ a Место издания Москва
b Издательство URSS
c Дата издания 2008
300 a Объем 543 с., [4] л. ил.
b Иллюстрации/ тип воспроизводства ил.
504 a Библиография Библиогр.: с. 532-539. - Предм. указ.: с. 540-543.
583 a Действие Получение впервые 199 09.2008
k Исполнитель действия Дар РГГУ
650 a Основная рубрика Вселенная
x Основная подрубрика Возникновение
x Основная подрубрика Горячего Большого взрыва теория
x Основная подрубрика Теории
650 a Основная рубрика Космология
650 a Основная рубрика Астрономия
653 a Ключевые слова Астрономия
a Ключевые слова Возникновение Вселенной
a Ключевые слова Вселенная
a Ключевые слова Горячая Вселенная
a Ключевые слова Космология
a Ключевые слова Модели Вселенной
a Ключевые слова Ранняя Вселенная
a Ключевые слова Теории Большого взрыва
a Ключевые слова Теории Вселенной
a Ключевые слова Теория горячего Большого взрыва
a Ключевые слова Теория ранней Вселенной
700 1_ a Другие авторы Рубаков Валерий Анатольевич
e Роль лиц авт.
852 t Порядковый номер экземпляра 1
p Инвентарный номер 918142
863 t 00234002
888 a Бесплатные
952 p 199.2008 230.00 1 918142
c Вид литературы К рн
954 a Дата поступления на обработку 20080916
999 a Подразделение 2 Фил3